000 05633nam a22003377a 4500
001 TIGAL 0088
003 gtcocun
005 20250917175408.0
006 a||||gr|||| 00| 0
007 ta
008 250917b2024 gt ||||| m||| 00| 0 eng d
040 _agtcocun
_bSPA
_cgtcocun
_eRDA
041 _aSPA TIGAL 0088
084 _0TIGAL 0088
100 _aMaas Gatica, Melany Salome
_eAutor
245 _aEVALUACIÓN AMBIENTAL DEL EFECTO DE LA ROZA AGRÍCOLA SOBRE LAS PROPIEDADES FÍSICAS Y QUÍMICAS DEL RECURSO SUELO BAJO LAS CONDICIONES DE LA COMUNIDAD CARRALHÁ DE COBÁN ALTA VERAPAZ/
_cMelany Salome Maas Gatica.
_hImpreso
264 _aCobán, Alta Verapaz:
_bUniversidad de San Carlos de Guatemala, Centro Universitario del Norte, Carrera de Ingeniería en Gestión Ambiental Local
_c2024
300 _a92 p.:
_bIlustraciones, gráficas.
_c28 cm;
300 _cPDF
336 _2rdacontenido
_aTexto
_btxt
337 _2rdamedio
_aComputadora
_bn
338 _2rdasoporte
_aCódigo en línea
_bcr
502 _eTIGAL 0088
502 _aTesis de grado
_bCarrera de Ingeniería en Gestión Ambiental Local,
_cUniversidad de San Carlos de Guatemala, Centro Universitario del Norte, Carrera de Ingeniería en Gestión Ambiental Local
_d2024
_oTIGAL 0088
520 1 4 _aEl presente estudio se realizó en la comunidad de Carralhá Cobán Alta Verapaz, donde se planteó como objetivo general evaluar las variaciones a las propiedades físicas y químicas del suelo e identificar los daños ambientales suscitados por efectos de la quema agrícola. Los pequeños agricultores hacen uso de la práctica de la quema de roza, en labores preparatorias para la siembra de sus cultivos, con el fin de eliminar malezas. Los beneficios de implementar esta práctica son: El menor riesgo a las plagas y enfermedades, mayor flexibilidad para la distribución de la mano de obra durante el año y extracción de nutrimentos de mayores profundidades del suelo. Estas son las razones para su uso, sin embargo, también ocurren efectos negativos a nivel interno de la superficie de la tierra, no observables a simple vista, y por tanto, no son considerados efectos que pueden mostrarse a mediano y largo plazo, alteran las características físicas y químicas del suelo llevándolo a una superficie neutra, al neutralizar la acidez de la superficie por las cenizas alcalinas. Se evaluaron los efectos causados por la roza y quema agrícola a nivel de parámetros físicos, como textura, estructura, densidad, humedad; parámetros químicos, como elementos la materia orgánica, pH, fósforo, sodio, potasio, calcio, zinc, cobre, magnesio, hierro y parámetros importantes del suelo de tipo ambientales como la disminución y pérdida de la fertilidad y efectos al recurso aire y agua. De esta forma, se identificaron efectos negativos a causa del deterioro del recurso suelo, razón por las que son sometidos a procesos de quema de agrícola. Se utilizó el modelo estadístico T de Student para muestras pareadas, para analizar y comparar un antes y después de realizar la práctica agrícola quema de roza en los efectos cuantitativas de los elementos físicos y químicos. Según los resultados obtenidos en el laboratorio y en análisis estadístico de las propiedades químicas, luego de realizar la quema agrícola en el suelo estudiado, se produjo un incremento de valor y disponibilidad de nutrientes en valores importantes como el fósforo, magnesio y calcio. Los valores químicos que no mostraron variación en el análisis estadístico fueron potasio, sodio, hierro y cobre. En el caso de las propiedades físicas, luego de realizar la quema agrícola en el suelo, se observaron cambios en la estructura y densidad aparente, en el caso de la textura no mostro variación de cambio. En relación al ambiente, la quema agrícola es una de las principales fuentes de contaminación por sus efectos no sólo al suelo sino también al agua y al aire. Por lo tanto, constituye un problema para nuestro medio dada las repercusiones que ésta tiene, es por ello que se deben hacer esfuerzos para mejorar las técnicas que permitan la detección de agentes contaminantes. Los componentes ambientales que son afectados con la quema agrícola, observables en la zona de estudio, fueron la contaminación del aire con cantidades de humo negro producto de la quema, elevación brusca de la temperatura local, destrucción del paisaje del lugar, variabilidad y disponibilidad de nutrientes químicos y físicos del suelo. Los impactos observables a mediano plazo que afectan de forma negativa al ambiente del terreno estudiado fueron la reducción o pérdida de la capa arable del suelo de la materia orgánica y de la fauna microbiana, aparecían en el subsuelo de un color de café a vertisol pardo oscuro, e incluso de algunas rocas, mayormente en terrenos de alta pendiente, esto por efectos de la erosión eólica e hídrica. A la vez, aparece un tipo de maleza agreste, un tipo de pasto comúnmente denominado navajuela, de rápido crecimiento y difícil eliminación, que se acomoda a las nuevas condiciones de infertilidad del suelo.
650 1 4 _2LEMB
_aCobán, Alta Verapaz
_xIngeniería en Gestión Ambiental Local
_xPropiedades físicas
_xDaños ambientales
_xPlagas
_xCenizas alcalinas
_xParámetros químicos
700 _aIng. Agr. Nestor Caal Suc
_eAsesor
856 _uhttps://drive.google.com/file/d/1l5uzTh1nKoaC4-1yCNdbgJC0ylY6bU9x/view
_yPDF
_zUn ejemplar en línea.
942 _2ddc
_cTES
_iTIGAL 0088
_kClasificación
_n0
_6TIGAL_0088_000000000000000
999 _c1887
_d1887